LEADER 00996nam0-22003491i-450- 001 990003042270403321 035 $a000304227 035 $aFED01000304227 035 $a(Aleph)000304227FED01 035 $a000304227 100 $a20000920d1965----km-y0itay50------ba 101 0 $aita 102 $aIT 200 1 $aCurrent Studies in Social Psychology$fEdited by Ivan D. Steiner, Martin Fishbein$gPublished for the Society for the Psychological Study of Social Issues. 210 $aNew York$cHolt$dRinehart & Winston$d\c\\1965. 215 $aXII, 532 p.$d24 cm 676 $a12110 676 $a12320 676 $a12400 676 $a12620 676 $a13700 676 $a14200 702 1$aFishbein,$bMartin 702 1$aSteiner,$bIvan D. 801 0$aIT$bUNINA$gRICA$2UNIMARC 901 $aBK 912 $a990003042270403321 952 $a12110 STE$b7353/I$fSES 959 $aSES 996 $aCurrent Studies in Social Psychology$9463208 997 $aUNINA DB $aING01 LEADER 00841nam0-22003131i-450- 001 990000798210403321 005 20001010 035 $a000079821 035 $aFED01000079821 035 $a(Aleph)000079821FED01 035 $a000079821 100 $a20001010d--------km-y0itay50------ba 101 0 $aita 105 $ay-------001yy 200 1 $aMiscellanea$fVladimiro Valerio 210 $aNapoli [etc.]$c[s.n.]$d1976- 215 $aFasc. (varie sequenze di p.)$d[vario formato] 300 $aEstr. vari 610 0 $aVALERIO 610 0 $aVladimiro$amiscellanea 700 1$aValerio,$bVladimiro$f<1948- >$023908 801 0$aIT$bUNINA$gRICA$2UNIMARC 901 $aBK 912 $a990000798210403321 952 $aSEZ.NA M 137/1-$b7249$fFARBC 959 $aFARBC 996 $aMiscellanea$9351541 997 $aUNINA DB $aING01